000 00303nam a22000977a 4500
008 110615t xxu||||| |||| 00| 0 eng d
010 _aCACAF 45
245 _aCourt of Appeal Criminal Appeal No.99 of 2000 Bamugisha Herbert vs Uganda
260 _c2000
500 _aCARAM: LADY JUSTICE L. E.M . MUKASA -KI
999 _c3031
_d3031